|
|
|
|
| LEADER |
00903nam a2200217 a 4500 |
| 001 |
7991521 |
| 008 |
100121s1964 it a b 000 0 eng d |
| 010 |
|
|
|a \\\65005121
|
| 040 |
|
|
|a DLC
|c OU
|d OU
|d OCoLC
|d DLC
|d BD-DhAAL
|
| 082 |
0 |
0 |
|a 332.7/1
|2 16
|
| 110 |
2 |
|
|a Food and Agriculture Organization of the United Nations.
|
| 245 |
1 |
0 |
|a New approach to agricultural credit /
|b supervised credit combined with co-operatives and agricultural extension.
|
| 260 |
|
|
|a Rome :
|b FAO,
|c 1964.
|
| 300 |
|
|
|a viii, 93 p. :
|b ill. ;
|c 23 cm.
|
| 490 |
0 |
|
|a Its FAO agricultural development paper
|v no. 77
|
| 504 |
|
|
|a Bibliography : p. [90]-93.
|
| 541 |
1 |
|
|e 00000132
|
| 650 |
|
0 |
|a Agricultural credit.
|
| 852 |
4 |
|
|a Ayesha Abed Library
|j General shelf
|
| 999 |
|
|
|c 7120
|d 7120
|
| 952 |
|
|
|0 0
|1 0
|2 ddc
|4 0
|6 332_710000000000000_NEW_1971
|7 0
|9 7394
|a BRACUL
|b BRACUL
|c GEN
|d 2010-01-24
|g 220.00
|l 0
|o 332.71 NEW
|p 3010000132
|r 2010-01-24
|t 1
|w 2010-01-24
|y BK
|